MARC

LEADER 00000nam a2200000 i 4500
005 20110712101910.0
008 090211s2008 sp 000 0 spa d
020 |a 9788473512800 
024 8 |a NIPO 329-08-021-9 
035 |a 5522 
040 |a UPO  |d spa  |d BUS  |d vLex 
080 |a 35:004.738.5 
090 |c 2211  |d 2211 
245 0 0 |a E-gobierno para un mejor gobierno /  |c traduccin̤ de Teodoro Sacristǹ.  |h [Recurso electrn̤ico] 
256 |a Servicio en ln̕ea. 
260 |a Madrid :  |b Instituto Nacional de Administracin̤ Pb︢lica :  |b Organizacin̤ para la Cooperacin̤ y el Desarrollo Econm̤ico (OCDE),  |c 2008. 
300 |a 230 p. :  |b grf̀. ;  |c 24 cm. 
490 1 |a Estudios y documentos / Instituto Nacional de Administracin̤ Pb︢lica. 
506 1 |a Contenido solo disponible en los productos indicados  |d vLex Global  |d vLex Global (Academic Edition, excluding Law Schools)  |d vLex Global (U.S. Academic Edition, Law Schools)  |d vLex Global (U.S. Academic Edition, excluding Law Schools)  |d vLex Global (Academic Edition, Law Schools) 
650 0 7 |a Órganos de gobierno  |2 Tesauro vLex 
650 0 7 |a Órganos de autogobierno  |2 Tesauro vLex 
650 0 7 |2 Tesauro vLex  |a Gobierno 
650 0 7 |2 Tesauro vLex  |a Gobierno autonm̤ico 
650 0 7 |2 Tesauro vLex  |a Nuevas tecnologa̕s 
650 0 7 |2 Tesauro vLex  |a Tecnologa̕s de la informacin̤ 
700 1 |a Sacristǹ, Teodoro,  |e trad.  
710 2 |a Instituto Nacional de Administracin̤ Pb︢lica (Espaą) 
710 2 |a Organizacin̤ de Cooperacin̤ y Desarrollo Econm̤icos. 
740 0 |a vLex Libros (Servicio en ln̕ea) 
810 2 |a Instituto Nacional de Administracin̤ Pb︢lica (Espaą).  |t Estudios y documentos. 
856 4 0 |u http://vlex.com/source/egobierno-mejor-gobierno-5522  |z Acceso restringido 
942 |c BOOK